Výtvarné doriešenie priestoru (v historickej architektúre) : Habilitačná práca /

Na minha lista:
Detalhes bibliográficos
Autor principal: Fašangová, Ľubomíra (Author)
Formato: Manuscrito Livro
Idioma:eslovaco
Publicado em: Bratislava : Slovenská vysoká škola technická, Fakulta architektúry, 1980
Assuntos:
Tags: Adicionar Tag
Sem tags, seja o primeiro a adicionar uma tag!

MARC

LEADER 00000ntm a22000003a 4500
001 0112793
003 SK-STU
005 20241205134642.6
007 ta
008 241205s2024----xo-----f-mn---000-0-slo-d
040 |a STU  |b slo 
041 0 |a slo 
044 |a xo  |c SK 
100 1 |a Fašangová, Ľubomíra  |4 aut 
245 1 0 |a Výtvarné doriešenie priestoru (v historickej architektúre) :  |b Habilitačná práca /  |c aut. Ľubomíra Fašangová 
260 |a Bratislava :  |b Slovenská vysoká škola technická, Fakulta architektúry,  |c 1980 
300 |a 129 s. 
650 0 7 |a výtvarné dielo 
650 0 7 |a nástenná maľba 
650 0 7 |a výtvarné umenie 
650 0 7 |a architektúra 
650 0 7 |a iluzionizmus 
650 0 7 |a kostoly 
650 0 7 |a interiér 
996 |b 284AU10106  |c A* 171/V  |l AAKNST  |s P  |a 0  |w 0112793_0001